000
00204 a2200097 4500
001
23624
100
_a
Heyel, C
245
_a
Encyclopedia of management
260
_a
_b
Reinhold
_c
090
_c
16006
_d
16006
942
_a
NUST-CAE
_c
M
_c
6677
999
_c
258697
_d
258697